Expressões FLUP - Statistics

General Stats
  • This quiz has been taken 6 times
  • The average score is 10 of 11
Answer Stats
Hint Answer % Correct
Mentalidade die Mona Lisa
100%
Might be a dub
100%
Es konnt ein dub sein
100%
Ah? mérico
100%
Colei o pisto
100%
Peter pan
100%
Boas pessoal
100%
Man darf rauchen
100%
Ouvi cantar... uma canção
100%
Vive a tua vida meninho
80%
Que me dizes
40%
No matching quizzes found
Score Distribution
Percent of People with Each Score
Percentile by Number Answered
Your Score History
You have not taken this quiz